Normal view
MARC view
- Autobiography of Nelson Mandela
Entry Topical Term
001 - CONTROL NUMBER
- control field: 108671
003 - CONTROL NUMBER IDENTIFIER
- control field: NUST
005 - DATE AND TIME OF LATEST TRANSACTION
- control field: 20230206131011.0
008 - FIXED-LENGTH DATA ELEMENTS
- fixed length control field: 230206|| aca||aabn | a|a d
040 ## - CATALOGING SOURCE
- Original cataloging agency: NUST
- Transcribing agency: NUST
150 ## - HEADING--TOPICAL TERM
- Topical term or geographic name entry element: Autobiography of Nelson Mandela
670 ## - SOURCE DATA FOUND
- Source citation: Work cat.: (NUST)593140: Mandela, Nelson 9193, Long Walk to Freedom /, 2006
